| 000 | 00605nam a22002057a 4500 | ||
|---|---|---|---|
| 003 | OSt | ||
| 005 | 20130618113849.0 | ||
| 008 | 130618s2006 -uk||||| |||| 00| 0 eng d | ||
| 020 | _a1855661365 | ||
| 040 | _cCDMR | ||
| 100 | 1 |
_93797 _aSmith, Paul Julian |
|
| 245 | 1 | 0 |
_aTelevision in Spain _b: from Franco to Almodóvar _cPaul Julian Smith |
| 260 |
_aWoodbrigde _bTamesis _c2006 |
||
| 300 | _a176 p. | ||
| 490 | 0 |
_aTámesis _aSerie A : Monografías _v230 |
|
| 650 | 0 | 4 |
_91780 _aTelevisió _zEspanya |
| 650 | 0 | 4 |
_93122 _aTelevisió _xProgrames _zEspanya |
| 650 | 0 | 4 |
_93804 _aSèries televisives |
| 942 |
_2udc _cMON |
||
| 999 |
_c6475 _d6475 |
||